Word Ladder: 'Milk' Man Quiz Stats

 Plays Quiz Updated Jan 29, 2018

Score 0/12 Timer 01:00
0 Plays Today
Clue 4-Letter Word % Correct
Game show: '___ or No ___'DEAL
96.6%
Head of university facultyDEAN
95.7%
Green-Blue colorTEAL
95.4%
Garbanzo or lima, e.g.BEAN
92.7%
Flex your kneeBEND
87.5%
Poker player's giveawayTELL
82.5%
'Draw a ___ on': aim a gunBEAD
79.9%
Elite US military memberSEAL
79.1%
Word used on Wall StreetSELL
78.1%
With [last rung] Sam Dawson in 'I Am Sam'SEAN
55.4%
With [first rung] Willie Stark in 'All the King's Men' PENN
46.8%
To be in waiting, legallyPEND
45.3%

Today's Daily Dose

Missing Word
Sherlocks

Word Ladder
King of the Hill

Quick Pick
Songs in Pink

Get the Picture
NBA Teammates

You're not logged in!

Compare scores with friends on all Sporcle quizzes.
OR
Log In

Sporcle TV

Today on Sporcle TV


Watch our educational content, quiz creation guides, and fun videos on Sporcle TV.

Show Comments

Extras

Top Quizzes Today


Score Distribution

Your Account Isn't Verified!

In order to create a playlist on Sporcle, you need to verify the email address you used during registration. Go to your Sporcle Settings to finish the process.

Report this User

Report this user for behavior that violates our Community Guidelines.

Details: